000 00917cam a2200229 a 4500
001 000014490
005 20200929163846.0
008 741014s1966 mx 000 0 spa
040 _aDO-SdBNP
_bspa
_cLC
_dBNPHU
050 0 0 _aHN110.5.Z9
_bC617 1966
082 _a309.25098
_bB932c
100 1 _aBuitrón, Aníbal.
_932720
245 1 0 _aCómo llegó el progreso a Huagrapampa :
_bguía práctica para los trabajadores del desarrollo de la comunidad /
_cAníbal Buitrón.
260 _aMéxico, D. F. :
_bInstituto Indigenista Interamericano,
_c1966.
300 _axix, 121 p. ;
_c19 cm.
490 1 _aInstituto Indigenista Interamericano :
_pAntropología Social,
_v4
504 _aBibliografía: p. 119-121.
650 0 _aCommunity development
_zLatin America.
_932721
830 0 _aInstituto Indigenista Interamericano :
_pAntropología Social,
_v4
_932722
910 _aCatalogación por copia / LC
049 _aBNGR
999 _c14079
_d14079